000 00344nam a2200133Ia 4500
008 220405s9999||||xx |||||||||||||| ||und||
082 _a894.8143 SUB
100 _aTa.Ra.Su
245 0 _aKambaniya kuyilu
260 _aHemanth prakashana
_bBangalore
_c2015
300 _a216p.
_bRs.120
650 _aGENERAL BOOKS
942 _cSpecial Collection
999 _c189646
_d189646